00648nam a2200193 i 4500001000400000100002600004245006800030260004100098300002800139650002100167655002900188655003600217700003100253020001500284040000800299041000800307008004100315856009800356bgj1 aGARTON-SPRENGER, Judy10aShine :bactivity book /cJudy Garton-Spranger ; Philip Prowse. aWarszawa :bMacmillan Polska,c2000. a95 pp :bill. ;c30 cm. 9aEnglish language aTextbooks for foreigners aTextbooks for secondary schools1 aPROWSE, Philip.eco-author a0333916530 cBPK0 aeng s uk f |000 0 eng  uhttp://koha.tu.koszalin.pl/cgi-bin/koha/opac-detail.pl?biblionumber=48471yKatalog online BPK